#1 Hits der 1950er-Jahre in Deutschland - Statistiken

Allgemein
  • Dieses Quiz wurde 119 mal gespielt
  • Das Durchschnittsergebnis liegt bei 5 aus 30
Antwortstatistiken
#1's Künstler % Korrekt
3 Freddy Quinn
91%
1 Bill Haley & His Comets
54%
2 Caterina Valente
41%
1 Harry Belafonte
41%
1 Fred Bertelmann
32%
1 Rocco Granata / Will Brandes
32%
1 Bill Ramsey
31%
1 Dalida
22%
1 Vico Torriani
18%
1 Margot Eskens / Wolfgang Sauer
17%
1 Kingston Trio
13%
1 Mitch Miller
8%
2 Billy Vaughn & Orchestra
7%
1 Friedel Hensch und die Cyprys
6%
1 Lys Assia
6%
1 Lys Assia mit Fred Weyrich & den Peheiros
6%
1 Nilsen Brothers
6%
1 Bibi Johns und die Penny-Pipers
4%
1 Die Sieben Raben
4%
1 Hans-Arno Simon
4%
1 Kurt-Adolf Thelen, Sunshine-Quartett, Golgowsky-Quartett, Will Glahé und sein großes Blas-Orchester
4%
1 Perez Prado
4%
1 Club Indonesia
3%
1 Die Heimatsänger
3%
1 Rodgers-Gesangs-Duett
3%
1 Werner Dies mit Willy Berking & seinem Orchester
3%
1 Zehn Whiskys und ein Soda
3%
1 Die Hilo Hawaiians
2%
1 Hula Hawaiian Quartett
2%
1 Silvio Francesco mit Fausto Campi und den Leonardos
2%
Keine übereinstimmenden Quizze gefunden
Verteilung der Resultate
Anzahl Personen mit jedem Resultat
Perzentil nach korrekt beantworteten Fragen
Ihre Resultats-Entwicklung
Sie haben dieses Quiz noch nicht gespielt